000 00762cam a22002651 4500
001 sa 68011137
003 DLC
005 20260227112558.0
008 890526s1967 ii ac b 000 0 telo
010 _asa 68011137
035 _a(OCoLC)19770638
040 _aDLC
_cWaU
_dDLC
042 _apremarc
043 _aa-ii---
050 0 0 _aPL4780.3
_b.A55
100 1 _aApparao, P. S. R.
_q(Ponangi Sri Rama),
_d1923-
245 1 0 _aTelugu nāṭaka vikāsamu.
260 _c[1967]
300 _axvi, 845 p.
_billus., ports.
_c25 cm.
440 0 _aNāṭyamālā pracuraṇalu,
_v3
500 _aIn Telugu.
504 _aList of representative plays: p. [629]-790.
504 _aBibliography: p. [791]-795.
650 0 _aTelugu drama
_xHistory and criticism.
999 _c83761
_d83761